Media planning guide Malaysia 2008.
| Published: |
Kuala Lumpur:
Perception Media Sdn. Bhd.,
2008.
|
|---|---|
| Subjects: |
| LEADER | 00427cam a2200133 7i4500 | ||
|---|---|---|---|
| 001 | 0000026871 | ||
| 005 | 20120209090000.0 | ||
| 020 | |a 9781394865208 (pbk.) | ||
| 090 | 0 | 0 | |a HF5826.5 |b .M42 2008 |
| 245 | 0 | 0 | |a Media planning guide Malaysia 2008. |
| 260 | |a Kuala Lumpur: |b Perception Media Sdn. Bhd., |c 2008. | ||
| 300 | |a 590 p.: |b col. ill.; |c 21 cm. | ||
| 650 | 0 | 0 | |a Media communication |
| 999 | |a 0000050451 |b BOK |c REFERENCE |e Ground Floor, Bestari Jaya | ||


